[Event "Open Ricany 2013"]
[Site "Turnaj A"]
[Date "2013.08.26"]
[Round "4.24"]
[White "Kolasin, Jan"]
[Black "Paukert, Jan"]
[Result "1-0"]
[WhiteElo "2038"]
[BlackElo "1900"]
[PlyCount "88"]
[EventDate "2013.??.??"]

1. Nf3 d5 2. g3 Nf6 3. Bg2 g6 4. O-O Bg7 5. d3 O-O 6. Nbd2 b6 7. c4 Bb7 8. Rb1
c5 9. b4 cxb4 10. Rxb4 Nbd7 11. d4 dxc4 12. Rxc4 Bd5 13. Rc2 Rc8 14. Ba3 Re8
15. Qb1 Rxc2 16. Qxc2 Qa8 17. Rc1 Bb7 18. Qa4 e5 19. Bh3 Qd8 20. Qxa7 Qa8 21.
Qxa8 Rxa8 22. Be7 exd4 23. Rc7 Bxf3 24. Nxf3 Nc5 25. Bxc5 bxc5 26. Rxc5 Rxa2
27. Nxd4 Ne4 28. Rc8+ Bf8 29. Bg4 Kg7 30. Bf3 Nc5 31. h4 Ra7 32. h5 Rd7 33. Nc6
Bd6 34. Kg2 Ne6 35. Ra8 Bc5 36. Ne5 Ra7 37. Rc8 Rc7 38. Rb8 Nd4 39. hxg6 hxg6
40. Nd3 Ba7 41. Rd8 f6 42. Nf4 g5 43. Rxd4 Bxd4 44. Ne6+ Kf7 1-0

[Event "Open Ricany 2013"]
[Site "Turnaj A"]
[Date "2013.08.26"]
[Round "4.25"]
[White "Postupa sen., Pavel"]
[Black "Havelka, Petr"]
[Result "1/2-1/2"]
[WhiteElo "2017"]
[BlackElo "1865"]
[PlyCount "61"]
[EventDate "2013.??.??"]

1. e4 d5 2. exd5 Qxd5 3. Nc3 Qa5 4. Nf3 Nf6 5. d4 Bf5 6. Bd2 c6 7. g3 e6 8. Bg2
Be7 9. O-O O-O 10. Nh4 Bg4 11. Qc1 Qd8 12. h3 Bh5 13. g4 Bg6 14. Nxg6 hxg6 15.
Ne2 Nbd7 16. Rd1 Qc7 17. c4 Rad8 18. Bf4 Bd6 19. d5 Bxf4 20. Nxf4 cxd5 21. cxd5
Qxc1 22. Raxc1 exd5 23. Nxd5 Nxd5 24. Bxd5 Nf6 25. Bxb7 Rxd1+ 26. Rxd1 Rb8 27.
Bc6 Rxb2 28. g5 Nh5 29. Rd8+ Kh7 30. a4 Nf4 31. Bg2 1/2-1/2

[Event "Open Ricany 2013"]
[Site "Turnaj A"]
[Date "2013.08.26"]
[Round "4.26"]
[White "Hanl, Frantisek"]
[Black "Skala, Jaromir"]
[Result "0-1"]
[WhiteElo "1964"]
[BlackElo "2011"]
[PlyCount "66"]
[EventDate "2013.??.??"]

1. e4 e5 2. Nc3 Bc5 3. Bc4 Nf6 4. d3 c6 5. Bg5 b5 6. Bb3 d6 7. Qf3 Nbd7 8. Nge2
a5 9. a3 O-O 10. Ng3 a4 11. Ba2 h6 12. Bd2 Nh7 13. Nf5 Ndf6 14. g4 Bxf5 15.
gxf5 Kh8 16. Rg1 Ra7 17. Ne2 d5 18. O-O-O Rd7 19. Qg3 Rg8 20. Qxe5 Bd6 21. Qd4
dxe4 22. dxe4 Bf4 23. Qb4 c5 24. Qxb5 Bxd2+ 25. Kb1 Nxe4 26. Qxa4 Nxf2 27. Rdf1
Be3 28. Bb3 Nf6 29. Rg3 Rd1+ 30. Rxd1 Qxd1+ 31. Ka2 Qxe2 32. Bxf7 Bd4 33. Qa7
Qxc2 0-1

[Event "Open Ricany 2013"]
[Site "Turnaj A"]
[Date "2013.08.26"]
[Round "4.27"]
[White "Petras, Milan"]
[Black "Stork, Rostislav"]
[Result "1-0"]
[WhiteElo "2006"]
[BlackElo "1814"]
[PlyCount "57"]
[EventDate "2013.??.??"]

1. e4 e5 2. Nc3 Nc6 3. Nf3 Nf6 4. d4 exd4 5. Nxd4 Nxd4 6. Qxd4 d6 7. Bc4 Be7 8.
h3 c6 9. Bb3 Be6 10. Bf4 b5 11. Bxe6 fxe6 12. e5 dxe5 13. Qxe5 Kf7 14. O-O Nd5
15. Rfe1 Nxf4 16. Qxf4+ Bf6 17. Ne4 e5 18. Qf5 g6 19. Ng5+ Kg8 20. Qe6+ Kg7 21.
Rad1 Qxd1 22. Rxd1 Bxg5 23. Qxe5+ Kh6 24. f4 Bh4 25. g4 Rhe8 26. g5+ Kh5 27.
Rd7 h6 28. Rh7 Bxg5 29. Qxg5# 1-0

[Event "Open Ricany 2013"]
[Site "Turnaj A"]
[Date "2013.08.26"]
[Round "4.28"]
[White "Sochor, Martin"]
[Black "Koper, Stefan"]
[Result "0-1"]
[WhiteElo "1885"]
[BlackElo "1992"]
[PlyCount "90"]
[EventDate "2013.??.??"]

1. d4 g6 2. c4 Bg7 3. g3 c5 4. d5 d6 5. Nc3 Nf6 6. Bg2 h5 7. Nf3 Ng4 8. Bg5 Nd7
9. O-O Nge5 10. Nxe5 Nxe5 11. Ne4 O-O 12. Qc1 Kh7 13. h3 f6 14. Bd2 Bf5 15. f4
Nf7 16. Nf2 Nh6 17. e4 Bd7 18. Bc3 Qc8 19. Kh2 Rh8 20. h4 Ng4+ 21. Nxg4 Bxg4
22. Qd2 Bh6 23. Qc2 Rf8 24. e5 Bf5 25. Be4 fxe5 26. fxe5 Bxe4 27. Qxe4 Qg4 28.
Qxg4 hxg4 29. e6 Rf5 30. Rxf5 gxf5 31. Rf1 Rf8 32. Kg2 Kg6 33. Be1 Bg7 34. b3
Be5 35. Bd2 a6 36. Bg5 Bf6 37. Bxf6 Kxf6 38. Re1 b5 39. Re2 Rb8 40. Rc2 a5 41.
cxb5 Rxb5 42. Rc4 Ke5 43. Kf2 Kxd5 44. Ke3 Kxe6 45. Kf4 Kf6 0-1

[Event "Open Ricany 2013"]
[Site "Turnaj A"]
[Date "2013.08.26"]
[Round "4.29"]
[White "Havlik, Frantisek"]
[Black "Trochta, Vojtech"]
[Result "1-0"]
[WhiteElo "1986"]
[BlackElo "1724"]
[PlyCount "45"]
[EventDate "2013.??.??"]

1. e4 d6 2. d4 Nf6 3. Bd3 c5 4. c3 Nc6 5. Ne2 Qb6 6. O-O g6 7. Bc2 Bg7 8. Kh1
cxd4 9. cxd4 O-O 10. Nbc3 e5 11. d5 Ne7 12. Be3 Qd8 13. f3 Ne8 14. Ba4 f5 15.
Bxe8 Rxe8 16. Rc1 f4 17. Bf2 Bd7 18. Qb3 b6 19. Nb5 Bxb5 20. Qxb5 Rc8 21. Qa4
Rc7 22. Rxc7 Qxc7 23. Qxe8+ 1-0

[Event "Open Ricany 2013"]
[Site "Turnaj A"]
[Date "2013.08.26"]
[Round "4.31"]
[White "Kindl, Frantisek"]
[Black "Skvaril, Michal"]
[Result "1-0"]
[WhiteElo "1922"]
[BlackElo "1708"]
[PlyCount "97"]
[EventDate "2013.??.??"]

1. Nf3 d5 2. c4 e6 3. g3 Nf6 4. b3 Be7 5. Bg2 O-O 6. O-O b6 7. cxd5 exd5 8. Bb2
Bb7 9. d3 Nbd7 10. Nfd2 Re8 11. Nc3 Rc8 12. Rc1 c5 13. e3 Bf8 14. Ne2 Bd6 15.
Rc2 Be5 16. d4 Bb8 17. Qa1 Ba6 18. Re1 Bxe2 19. Rxe2 cxd4 20. Rxc8 Qxc8 21.
Bxd4 Be5 22. Nf3 Bxd4 23. Nxd4 Nc5 24. Rc2 Qd7 25. Qf1 Ne6 26. Nxe6 fxe6 27.
Qc1 Re7 28. a4 e5 29. Qa3 d4 30. Bc6 Qd8 31. exd4 exd4 32. b4 Qd6 33. Qb3+ Kf8
34. b5 g6 35. Qd3 Re1+ 36. Kg2 Ra1 37. Rc4 Ra3 38. Qd2 d3 39. Qh6+ Kf7 40. Qd2
Kg7 41. Rf4 Qc5 42. Qb2 Qd6 43. Rxf6 Qxf6 44. Qxa3 d2 45. Qd3 Qa1 46. Qxd2 Qxa4
47. Qc3+ Kh6 48. Qe3+ Kg7 49. Qe5+ 1-0

[Event "Open Ricany 2013"]
[Site "Turnaj A"]
[Date "2013.08.26"]
[Round "4.32"]
[White "Brcak, Marek"]
[Black "Svoboda, Jaroslav"]
[Result "1-0"]
[WhiteElo "1902"]
[BlackElo "1557"]
[PlyCount "117"]
[EventDate "2013.??.??"]

1. e4 e5 2. Nf3 Nf6 3. Nc3 Nc6 4. Bc4 Bc5 5. d3 h6 6. O-O O-O 7. Ne2 d5 8. exd5
Nxd5 9. Bb5 Nd4 10. Nfxd4 exd4 11. Ng3 Be6 12. Qh5 f5 13. Re1 Qf6 14. Qe2 Bf7
15. Qe5 Qxe5 16. Rxe5 f4 17. Ne4 Bb6 18. Rf5 c6 19. Bc4 Bc7 20. g3 fxg3 21.
fxg3 Rad8 22. Bd2 Be6 23. Rxf8+ Rxf8 24. Rf1 Rxf1+ 25. Kxf1 b6 26. Kf2 Kf7 27.
Kf3 a5 28. a4 Ke7 29. Nf2 Kf6 30. h3 Bf7 31. Ne4+ Ke7 32. Bxd5 Bxd5 33. Bf4
Bxf4 34. gxf4 c5 35. b3 Ke6 36. Kg4 g6 37. Kg3 Ke7 38. Nf2 h5 39. Ne4 Bc6 40.
Kh4 Be8 41. Kg5 Ke6 42. h4 Ke7 43. Nf6 Bf7 44. Ne4 Kf8 45. Kf6 Be8 46. Nd6 Bd7
47. Nc4 b5 48. axb5 Bxb5 49. Kxg6 a4 50. bxa4 Bxa4 51. Na3 Be8+ 52. Kf6 Bf7 53.
Nc4 Be8 54. Ke6 Ba4 55. Na3 Kg7 56. f5 c4 57. dxc4 Bxc2 58. Nxc2 d3 59. Ne3 1-0

[Event "Open Ricany 2013"]
[Site "Turnaj A"]
[Date "2013.08.26"]
[Round "4.33"]
[White "Hlina, Milos"]
[Black "Zavurkova, Monika"]
[Result "1-0"]
[WhiteElo "1862"]
[BlackElo "1758"]
[PlyCount "101"]
[EventDate "2013.??.??"]

1. d4 Nf6 2. Nf3 e6 3. b3 d5 4. e3 Nbd7 5. Bb2 Bd6 6. Bd3 Ne4 7. O-O O-O 8. c4
c6 9. Nc3 f5 10. Qc2 Rf6 11. Ne2 Rh6 12. Ng3 Ndf6 13. Bxe4 fxe4 14. Ne5 Nd7 15.
Rfe1 Bxe5 16. dxe5 Qg5 17. Qc3 Qh4 18. h3 Nf8 19. c5 Bd7 20. Qa5 Qd8 21. Qxd8
Rxd8 22. Bd4 Ng6 23. a4 Rf8 24. Rec1 Nh4 25. b4 a6 26. Rcb1 Nf5 27. Ne2 Nh4 28.
Nc3 Rg6 29. g3 Nf3+ 30. Kg2 Rg5 31. b5 cxb5 32. axb5 axb5 33. Nxb5 Nxe5 34.
Bxe5 Rxe5 35. Nd6 Bc6 36. Nxb7 Bxb7 37. Rxb7 Ref5 38. Ra2 R5f7 39. c6 e5 40. c7
Rc8 41. Rc2 Rff8 42. Rc5 d4 43. Rxe5 dxe3 44. fxe3 Rf7 45. Rc5 Re7 46. Rb8 Ree8
47. Rxc8 Rxc8 48. g4 Kf7 49. Kg3 h6 50. Kf4 Ke6 51. Kxe4 1-0

[Event "Open Ricany 2013"]
[Site "Turnaj A"]
[Date "2013.08.26"]
[Round "4.34"]
[White "Grecny, Karol"]
[Black "Cabart, Pavel"]
[Result "1/2-1/2"]
[WhiteElo "1934"]
[BlackElo "1836"]
[PlyCount "109"]
[EventDate "2013.??.??"]

1. e4 c5 2. Nf3 Nc6 3. c3 d5 4. exd5 Qxd5 5. Be2 Nf6 6. O-O Bg4 7. d4 cxd4 8.
cxd4 e6 9. Nc3 Qa5 10. Be3 Be7 11. Qb3 Qb4 12. Qxb4 Bxb4 13. h3 Bh5 14. g4 Bg6
15. Ne5 O-O 16. Bf3 Rac8 17. Nxg6 hxg6 18. a3 Be7 19. Rad1 Rfd8 20. Bg2 Nd5 21.
Nxd5 exd5 22. f4 Na5 23. Bc1 Nb3 24. Be3 a5 25. Rf2 Rc4 26. Bf1 Rc7 27. Bd3 Re8
28. Bb5 Rec8 29. Ba4 Nc1 30. Rff1 b5 31. Bxb5 Rb8 32. a4 Na2 33. Bd2 Nb4 34.
Bc3 g5 35. Rde1 Bf6 36. fxg5 Bxg5 37. Rf5 Bh4 38. Re2 g6 39. Rfe5 Bf6 40. Re8+
Rxe8 41. Rxe8+ Kg7 42. Ra8 Nc2 43. Bxa5 Bxd4+ 44. Kh1 Re7 45. Rc8 Ne3 46. Bc3
Bxc3 47. bxc3 Ra7 48. Rd8 Nd1 49. Rc8 Kf6 50. Kg2 Kg5 51. Kg3 Re7 52. h4+ Kf6
53. c4 Re3+ 54. Kf4 Re4+ 55. Kf3 1/2-1/2

[Event "Open Ricany 2013"]
[Site "Turnaj A"]
[Date "2013.08.28"]
[Round "6.1"]
[White "Starek, Stanislav"]
[Black "Rydl, Jiri"]
[Result "1/2-1/2"]
[WhiteElo "2094"]
[BlackElo "2090"]
[PlyCount "45"]
[EventDate "2013.08.28"]

1. d4 Nf6 2. Nf3 e6 3. c4 Bb4+ 4. Bd2 c5 5. e3 Bxd2+ 6. Nbxd2 cxd4 7. Nxd4 a6
8. Bd3 Nc6 9. O-O Qc7 10. Ne4 b6 11. Qf3 Nxe4 12. Bxe4 Bb7 13. Nxc6 Bxc6 14.
Rfd1 O-O 15. Rd4 Bxe4 16. Qxe4 b5 17. Rad1 Rac8 18. Rxd7 Qxc4 19. Qxc4 Rxc4 20.
Kf1 g5 21. Ke2 Rfc8 22. Ra7 Rc2+ 23. Rd2 1/2-1/2

[Event "Open Ricany 2013"]
[Site "Turnaj A"]
[Date "2013.08.28"]
[Round "6.2"]
[White "Mejzlik, Ondrej"]
[Black "Vokac, Marek"]
[Result "1-0"]
[WhiteElo "2255"]
[BlackElo "2458"]
[PlyCount "111"]
[EventDate "2013.08.28"]

1. c4 c5 2. Nc3 g6 3. g3 Bg7 4. Bg2 Nc6 5. e4 a6 6. Nge2 b5 7. d3 Rb8 8. O-O d6
9. Rb1 Bd7 10. b3 e6 11. Be3 b4 12. Na4 Nd4 13. Nxd4 cxd4 14. Bd2 Ne7 15. f4
O-O 16. Qc1 f5 17. a3 fxe4 18. Bxe4 Bxa4 19. bxa4 b3 20. Qd1 d5 21. cxd5 Nxd5
22. Rxb3 Nc3 23. Rxb8 Qxb8 24. Qg4 Qd6 25. h4 Nxe4 26. dxe4 d3 27. Kh2 Rc8 28.
Bb4 Rc2+ 29. Kh3 Qc6 30. Qf3 a5 31. Bxa5 Qc4 32. Bb4 h5 33. f5 Qa2 34. Rh1 Rf2
35. Qxd3 gxf5 36. Qd8+ Kh7 37. Qd1 Kg6 38. Be1 Re2 39. Qd8 Rxe4 40. Qg5+ Kf7
41. Qxh5+ Kg8 42. Bb4 Re2 43. Qe8+ Kh7 44. h5 Qd5 45. Rg1 Qf3 46. Qg6+ Kh8 47.
h6 Bd4 48. Qe8+ Kh7 49. Qd7+ Kxh6 50. Qxd4 Kg6 51. Bf8 Qb7 52. Qh4 Qb2 53. Rh1
Re4 54. Qh6+ Kf7 55. Rd1 Re2 56. Qh7+ 1-0

[Event "Open Ricany 2013"]
[Site "Turnaj A"]
[Date "2013.08.28"]
[Round "6.3"]
[White "Sharashenidze, Akaki"]
[Black "Moravec, Vit"]
[Result "1-0"]
[WhiteElo "2349"]
[BlackElo "2159"]
[PlyCount "145"]
[EventDate "2013.08.28"]

1. c4 c5 2. Nc3 Nc6 3. g3 g6 4. Bg2 Bg7 5. Nf3 e6 6. O-O Nge7 7. e4 O-O 8. d3
d6 9. Rb1 Nd4 10. Nxd4 cxd4 11. Ne2 e5 12. b4 Be6 13. a4 Qd7 14. Qb3 h5 15. h4
Bh3 16. Kh2 Bxg2 17. Kxg2 Kh7 18. Ng1 Bh6 19. Nh3 f5 20. Bxh6 Kxh6 21. f3 Nc6
22. Qc2 Nd8 23. Qd2+ Kg7 24. a5 Ne6 25. exf5 Rxf5 26. Qe2 Qc6 27. Qe4 Qxe4 28.
fxe4 Rxf1 29. Kxf1 Kf7 30. Ke2 Rg8 31. b5 Ke7 32. Rf1 Rf8 33. Rg1 Rh8 34. Rd1
Rg8 35. a6 b6 36. Rf1 Rf8 37. Rh1 Kf6 38. Rh2 Kg7 39. Ng1 Rf7 40. Nf3 Kh6 41.
Rf2 Rf8 42. Ne1 Rxf2+ 43. Kxf2 Kg7 44. Nc2 Kf7 45. Nb4 Nd8 46. Nd5 Ne6 47. Kf3
Ke8 48. g4 Kf7 49. gxh5 gxh5 50. Ke2 Ke8 51. Nf6+ Kf7 52. Nxh5 Nf8 53. Kf3 Ng6
54. Kg4 Nf8 55. Ng3 Ke6 56. Kg5 Nd7 57. Nh1 Nc5 58. Nf2 Kf7 59. h5 Ne6+ 60. Kf5
Ng7+ 61. Kg4 Ne6 62. h6 Kg6 63. h7 Kxh7 64. Kf5 Nc5 65. Kf6 Kh6 66. Ke7 Kg5 67.
Kxd6 Kf4 68. Kc7 Nxd3 69. Nxd3+ Kxe4 70. c5 bxc5 71. Nxc5+ Kd5 72. b6 axb6 73.
Kxb6 1-0

[Event "Open Ricany 2013"]
[Site "Turnaj A"]
[Date "2013.08.28"]
[Round "6.4"]
[White "Hrdina, Robin"]
[Black "Svatos, Jan"]
[Result "0-1"]
[WhiteElo "2077"]
[BlackElo "2287"]
[PlyCount "74"]
[EventDate "2013.08.28"]

1. e4 d5 2. exd5 Nf6 3. d4 Nxd5 4. c4 Nb6 5. Nf3 g6 6. h3 Bg7 7. Nc3 O-O 8. Be3
Nc6 9. Be2 e5 10. d5 Ne7 11. O-O Nf5 12. Bg5 f6 13. Bc1 Nd7 14. b3 Re8 15. g4
Nd4 16. Be3 Nxe2+ 17. Qxe2 e4 18. Nd4 Ne5 19. Nxe4 Nxg4 20. hxg4 Rxe4 21. f3
Re8 22. Qd2 c6 23. dxc6 f5 24. Rad1 fxg4 25. Bh6 Be5 26. fxg4 Bxg4 27. cxb7
Bxd1 28. bxa8=Q Bxd4+ 29. Kh2 Qh4+ 30. Kg2 Qg4+ 31. Kh2 Rxa8 32. Rxd1 Qh4+ 33.
Kg2 Qg4+ 34. Kh2 Re8 35. Re1 Qh4+ 36. Kg2 Rxe1 37. Qa5 Qg4+ 0-1

[Event "Open Ricany 2013"]
[Site "Turnaj A"]
[Date "2013.08.28"]
[Round "6.5"]
[White "Vorisek, Jaroslav"]
[Black "Lacza, Tibor ss"]
[Result "1/2-1/2"]
[WhiteElo "2276"]
[BlackElo "2011"]
[PlyCount "59"]
[EventDate "2013.08.28"]


1. e4 c5 2. Nf3 e6 3. d4 cxd4 4. Nxd4 a6 5. Bd3 Qc7 6. O-O Bc5 7. Nb3 Be7 8.
Qe2 Nc6 9. a4 b6 10. f4 d6 11. N1d2 Nf6 12. Nf3 Nb4 13. Bd2 Nxd3 14. cxd3 O-O
15. Rfc1 Qd7 16. Qf2 b5 17. axb5 Qxb5 18. Rc3 Bb7 19. Nfd4 Qd7 20. Na5 Rfc8 21.
h3 Bd8 22. Rb3 Rab8 23. Kh2 Ba8 24. Bc3 Bb6 25. Qg3 Bd8 26. Rxb8 Rxb8 27. Nc4
Bb7 28. Na5 Ba8 29. Nab3 Bb7 30. Na5 1/2-1/2

[Event "Open Ricany 2013"]
[Site "Turnaj A"]
[Date "2013.08.28"]
[Round "6.6"]
[White "Cermak, Jan"]
[Black "Vybiral, Zdenek"]
[Result "1-0"]
[WhiteElo "1771"]
[BlackElo "2195"]
[PlyCount "141"]
[EventDate "2013.08.28"]


1. e4 d6 2. d4 Nf6 3. Nc3 e5 4. Nf3 Nbd7 5. Bc4 Be7 6. O-O O-O 7. Re1 c6 8. a4
a5 9. h3 exd4 10. Nxd4 Nc5 11. Nb3 Nfd7 12. Nxc5 Nxc5 13. Be3 Be6 14. Qe2 Qb6
15. Rab1 Bf6 16. Bxe6 fxe6 17. Qc4 Qb4 18. Qa2 Rae8 19. Bxc5 Qxc5 20. Re2 d5
21. Qb3 Qb4 22. Qxb4 axb4 23. Na2 c5 24. Nc1 Ra8 25. b3 Bd4 26. Nd3 b6 27. exd5
exd5 28. Kh1 c4 29. Nxb4 Rf5 30. Nc6 Bc5 31. f3 Kf7 32. bxc4 Rxa4 33. cxd5 Rxd5
34. Ne5+ Kf6 35. Nd3 Bd4 36. g4 g5 37. Re4 Rc4 38. Rxb6+ Kf7 39. Rb4 Rxb4 40.
Nxb4 Rd6 41. f4 gxf4 42. Rxf4+ Kg6 43. Nd3 h5 44. Kg2 hxg4 45. hxg4 Bf6 46. Kf3
Ra6 47. c4 Ra3 48. Ke4 Rc3 49. Ne5+ Kg7 50. Kd5 Rc2 51. Nd7 Rd2+ 52. Kc6 Be7
53. c5 Kg6 54. Re4 Rxd7 55. Kxd7 Bxc5 56. Re6+ Kf7 57. Rh6 Be3 58. Ra6 Bd2 59.
Kc7 Bf4+ 60. Kb7 Bd2 61. Rc6 Bg5 62. Kb6 Bf6 63. Kc5 Kg6 64. Kd5 Kg5 65. Ke4
Be7 66. Kf3 Bd8 67. Rc5+ Kg6 68. Kf4 Be7 69. Rc6+ Kf7 70. Kf5 Ba3 71. Rc7+ 1-0

[Event "Open Ricany 2013"]
[Site "Turnaj A"]
[Date "2013.08.28"]
[Round "6.7"]
[White "Skacel, Jan"]
[Black "Trepka, Jan"]
[Result "1/2-1/2"]
[WhiteElo "2075"]
[BlackElo "2187"]
[PlyCount "53"]
[EventDate "2013.08.28"]

1. d4 Nf6 2. c4 c5 3. dxc5 e6 4. e3 Bxc5 5. Nf3 O-O 6. Nc3 b6 7. a3 a5 8. Be2
Bb7 9. O-O d5 10. cxd5 Nxd5 11. Nxd5 Bxd5 12. Bd2 Qe7 13. Bc3 Nd7 14. Qa4 Nf6
15. Qh4 Ne4 16. Qxe7 Bxe7 17. Bd4 Bf6 18. Bxf6 gxf6 19. Rfd1 Rfc8 20. Nd4 a4
21. Bf3 Rc5 22. Bxe4 Bxe4 23. f3 Bc2 24. Rd2 Rac8 25. Nxc2 Rxc2 26. Rad1 b5 27.
Kf2 1/2-1/2

[Event "Open Ricany 2013"]
[Site "Turnaj A"]
[Date "2013.08.28"]
[Round "6.8"]
[White "Haman, Jakub ss"]
[Black "Franek, Jan"]
[Result "1-0"]
[WhiteElo "2170"]
[BlackElo "1970"]
[PlyCount "73"]
[EventDate "2013.08.28"]

1. e4 e5 2. Nf3 Nc6 3. Bb5 a6 4. Ba4 Nf6 5. O-O Be7 6. Re1 b5 7. Bb3 O-O 8. h3
Bb7 9. d3 d6 10. c3 Na5 11. Bc2 c5 12. Nbd2 Nc6 13. Nf1 Bc8 14. Ng3 Qc7 15. d4
Rb8 16. d5 Na5 17. b3 Nb7 18. Be3 a5 19. c4 Bd7 20. Nf5 Bxf5 21. exf5 a4 22.
cxb5 axb3 23. Bxb3 Na5 24. a4 Nd7 25. Rc1 Nb6 26. Bd2 Ra8 27. Re4 Nxb3 28. Qxb3
Qb7 29. a5 c4 30. Qb1 c3 31. Bxc3 Nxd5 32. Bd2 Rfc8 33. Rec4 Rxc4 34. Rxc4 Bd8
35. b6 Ne7 36. Qb5 Nxf5 37. Qe8# 1-0

[Event "Open Ricany 2013"]
[Site "Turnaj A"]
[Date "2013.08.28"]
[Round "6.9"]
[White "Vanka, Miloslav"]
[Black "Vykouk, Jan"]
[Result "0-1"]
[WhiteElo "2173"]
[BlackElo "2034"]
[PlyCount "70"]
[EventDate "2013.08.28"]

1. d4 Nf6 2. Nf3 g6 3. Bg5 Bg7 4. Nbd2 O-O 5. e4 d6 6. h3 c5 7. c3 cxd4 8. cxd4
Qa5 9. Bd3 Nc6 10. Be3 Nb4 11. Bb1 Qb5 12. Qe2 Qxe2+ 13. Kxe2 b6 14. Ne1 Ba6+
15. Kd1 Rac8 16. a3 Nc6 17. Bd3 Bxd3 18. Nxd3 Nd7 19. Nb3 f5 20. f3 fxe4 21.
fxe4 Nf6 22. Nf2 Nh5 23. Kd2 Nf4 24. Rhg1 Ne6 25. Kd3 Nexd4 26. Nxd4 Nxd4 27.
Bxd4 Bxd4 28. Kxd4 Rxf2 29. Rac1 Rxc1 30. Rxc1 Rxb2 31. Rc7 Kf7 32. Rxa7 Rxg2
33. Ra6 Rb2 34. Kc3 Rb1 35. a4 g5 0-1

[Event "Open Ricany 2013"]
[Site "Turnaj A"]
[Date "2013.08.28"]
[Round "6.10"]
[White "Marikova, Jana"]
[Black "Postupa, Pavel ml"]
[Result "1-0"]
[WhiteElo "2045"]
[BlackElo "2260"]
[PlyCount "119"]
[EventDate "2013.08.28"]

1. d4 Nf6 2. c4 g6 3. Nc3 d5 4. cxd5 Nxd5 5. e4 Nxc3 6. bxc3 Bg7 7. Bc4 c5 8.
Ne2 O-O 9. O-O Nc6 10. Be3 Qc7 11. Rc1 Rd8 12. Qd2 b6 13. Bh6 Rb8 14. Bxg7 Kxg7
15. Bd3 e6 16. f4 f5 17. g4 Qf7 18. Ng3 Ne7 19. Qe2 Rb7 20. Bc4 cxd4 21. exf5
d3 22. Qe5+ Qf6 23. Qxf6+ Kxf6 24. Ne4+ Kf7 25. fxe6+ Kf8 26. f5 gxf5 27. gxf5
Rc7 28. Bb3 Bb7 29. Ng5 Rc5 30. Nxh7+ Kg7 31. Ng5 Rxf5 32. Rxf5 Nxf5 33. Rf1
Kg6 34. Nf7 Rg8 35. Kf2 Kf6 36. Ke1 d2+ 37. Kxd2 Rg2+ 38. Kc1 Ba6 39. Rxf5+
Kxf5 40. e7 Bb5 41. Nd6+ Kf6 42. Nxb5 Kxe7 43. Nxa7 Kd6 44. h3 Rh2 45. Nb5+ Kc5
46. Nd4 Rxh3 47. Kd2 Rh2+ 48. Ne2 b5 49. Ke3 Rh3+ 50. Kf2 Rh2+ 51. Kf3 Rh3+ 52.
Ng3 Kb6 53. Kf4 Kc6 54. Ne4 Rh4+ 55. Ke5 Rh5+ 56. Ke6 Rh6+ 57. Nf6 Kc5 58. Ke5
Rh3 59. Bd5 Rh4 60. Nd7# 1-0

[Event "Open Ricany 2013"]
[Site "Turnaj A"]
[Date "2013.08.28"]
[Round "6.11"]
[White "Kolasin, Jan"]
[Black "Gregor, Jiri ss"]
[Result "0-1"]
[WhiteElo "2038"]
[BlackElo "2253"]
[PlyCount "52"]
[EventDate "2013.08.28"]

1. e4 c6 2. d4 d5 3. Nc3 g6 4. Nf3 Bg4 5. exd5 cxd5 6. Bb5+ Nc6 7. h3 Bxf3 8.
Qxf3 e6 9. Ne2 Qa5+ 10. Nc3 Bg7 11. Bd2 Qb6 12. O-O Nge7 13. h4 h5 14. Bg5 O-O
15. Bd3 Nxd4 16. Qh3 Nef5 17. g4 hxg4 18. Qxg4 Qxb2 19. Bd2 Nxh4 20. Rab1 Ndf3+
21. Kh1 Qa3 22. Nb5 Qxa2 23. Bb4 Qa4 24. Be2 a5 25. Bxf3 Nxf3 26. Qxf3 axb4 0-1

[Event "Open Ricany 2013"]
[Site "Turnaj A"]
[Date "2013.08.28"]
[Round "6.12"]
[White "Rut, Vojtech"]
[Black "Skalicky, Tomas"]
[Result "0-1"]
[WhiteElo "2078"]
[BlackElo "1935"]
[PlyCount "104"]
[EventDate "2013.08.28"]

1. d4 d5 2. c4 c6 3. Nf3 Nf6 4. e3 a6 5. Bd3 Bg4 6. Qb3 b5 7. cxb5 cxb5 8. Ne5
e6 9. a4 b4 10. Bd2 Nbd7 11. f4 Bd6 12. O-O O-O 13. Be1 Bf5 14. Bxf5 exf5 15.
Bh4 Qa5 16. Nd2 Rac8 17. Qd3 g6 18. Nb3 Qb6 19. Rac1 Rfe8 20. Rfd1 Qa7 21. Na5
Ng4 22. h3 Ngf6 23. Nac6 Qb7 24. Qb3 Bxe5 25. Nxe5 a5 26. Bxf6 Nxf6 27. Qd3 Ne4
28. Qb1 f6 29. Nd3 Qd7 30. Qa2 Kg7 31. Qb3 Rxc1 32. Nxc1 Rc8 33. Nd3 Rc4 34.
Nf2 Qc6 35. Nxe4 fxe4 36. Rd2 Rc1+ 37. Kh2 Qc4 38. Qxc4 Rxc4 39. Kg3 b3 40. Kf2
Rxa4 41. Rd1 Rc4 42. Rd2 Kf7 43. Ke2 Ke7 44. g4 Kd6 45. f5 gxf5 46. gxf5 Rc1
47. Rd1 Rxd1 48. Kxd1 Kc6 49. Kd2 Kb5 50. Kc3 a4 51. h4 h5 52. Kd2 Kc4 0-1

[Event "Open Ricany 2013"]
[Site "Turnaj A"]
[Date "2013.08.28"]
[Round "6.13"]
[White "Schmalz, Michal ss"]
[Black "Havelka, Jan ss"]
[Result "1/2-1/2"]
[WhiteElo "2077"]
[BlackElo "1774"]
[PlyCount "117"]
[EventDate "2013.08.28"]

1. e4 c5 2. Nc3 Nc6 3. f4 e6 4. Nf3 a6 5. g3 g6 6. Bg2 Bg7 7. O-O Nge7 8. d3 d6
9. Be3 Nd4 10. Rb1 O-O 11. Ne2 Nxe2+ 12. Qxe2 Nc6 13. c3 Qe7 14. Qf2 e5 15.
fxe5 Nxe5 16. Nxe5 Bxe5 17. d4 cxd4 18. cxd4 Bg7 19. Rbc1 f5 20. Qd2 fxe4 21.
Rxf8+ Bxf8 22. Qa5 Bf5 23. Rc7 Qe8 24. Qd5+ Be6 25. Qxe4 Bxa2 26. Bf4 Qxe4 27.
Bxe4 d5 28. Bf3 Bg7 29. Rxb7 Bxd4+ 30. Kg2 Re8 31. b3 Bb1 32. Bxd5+ Kh8 33. Bh6
Bb2 34. Ra7 Bd3 35. Bc4 Bxc4 36. bxc4 Rc8 37. Rxa6 Bg7 38. Bf4 Kg8 39. Ra4 h6
40. Kf3 g5 41. Bd6 Bf8 42. Bxf8 Rxf8+ 43. Kg4 Rf2 44. h3 Rc2 45. Ra8+ Kg7 46.
Ra7+ Kg6 47. Ra6+ Kg7 48. Kh5 Rc3 49. Rg6+ Kf7 50. Rxh6 Rxg3 51. Rd6 Rxh3+ 52.
Kxg5 Rc3 53. Rd4 Ke6 54. Kf4 Kf6 55. Re4 Rd3 56. Kg4 Rd6 57. Kf3 Rc6 58. Rd4
Ke7 59. Kf4 1/2-1/2

[Event "Open Ricany 2013"]
[Site "Turnaj A"]
[Date "2013.08.28"]
[Round "6.14"]
[White "Postupa, Martin ss"]
[Black "Pycha, Patrik ss"]
[Result "1/2-1/2"]
[WhiteElo "2054"]
[BlackElo "1981"]
[PlyCount "72"]
[EventDate "2013.08.28"]

1. e4 e6 2. d4 d5 3. e5 c5 4. c3 Nc6 5. Nf3 Qb6 6. a3 c4 7. Nbd2 Na5 8. g3 Bd7
9. h4 O-O-O 10. Bh3 f6 11. O-O Nh6 12. Re1 Nf7 13. Qe2 Re8 14. Rb1 fxe5 15.
dxe5 Bc5 16. Kg2 h6 17. b4 cxb3 18. c4 Bc6 19. Qd3 dxc4 20. Nxc4 Nxc4 21. Qxc4
Bxf3+ 22. Kxf3 Qc6+ 23. Qe4 Nxe5+ 24. Kg2 Nd3 25. Qxc6+ bxc6 26. Rxe6 Rxe6 27.
Bxe6+ Kc7 28. Bd2 b2 29. Bf5 Rd8 30. Bc3 Bd4 31. Ba5+ Bb6 32. Bc3 Bd4 33. Bd2
Bb6 34. Bc3 Bd4 35. Ba5+ Bb6 36. Bc3 Bd4 1/2-1/2

[Event "Open Ricany 2013"]
[Site "Turnaj A"]
[Date "2013.08.28"]
[Round "6.15"]
[White "Petras, Milan"]
[Black "Cap, Adam"]
[Result "1/2-1/2"]
[WhiteElo "2006"]
[BlackElo "2050"]
[PlyCount "104"]
[EventDate "2013.08.28"]

1. e4 e5 2. Nf3 Nc6 3. Nc3 Nf6 4. d4 exd4 5. Nxd4 Bb4 6. Nxc6 bxc6 7. Bd3 d5 8.
e5 Ne4 9. Bxe4 dxe4 10. Qxd8+ Kxd8 11. Bg5+ Ke8 12. O-O-O Bf5 13. Na4 Ba5 14.
c4 c5 15. Nxc5 h6 16. Bd2 Bb6 17. Bb4 a5 18. Ba3 Rd8 19. Nb7 Rb8 20. Nc5 Rd8
21. h3 h5 22. Rhe1 Rxd1+ 23. Rxd1 Bxc5 24. Bxc5 Rh6 25. Be3 Rg6 26. g3 Bxh3 27.
Rd5 Rc6 28. b3 a4 29. Kb2 axb3 30. axb3 Ra6 31. Bg5 Ra8 32. b4 Be6 33. Rd4 Bf5
34. Kb3 Rb8 35. Kc3 Ra8 36. b5 Ra3+ 37. Kb4 Rd3 38. Rd5 Be6 39. Rxd3 exd3 40.
Kc3 Bf5 41. c5 Kd7 42. Kd4 Bg6 43. Bd2 Bf5 44. Ba5 c6 45. b6 Kc8 46. Bd2 Kb7
47. Kc3 Ka6 48. Bg5 Kb7 49. Kd2 Kc8 50. Be3 Be4 51. Bd4 Bf5 52. Bc3 g6 1/2-1/2

[Event "Open Ricany 2013"]
[Site "Turnaj A"]
[Date "2013.08.28"]
[Round "6.16"]
[White "Liuba, Volodymyr"]
[Black "Skala, Jaromir ss"]
[Result "1-0"]
[WhiteElo "2196"]
[BlackElo "2011"]
[PlyCount "53"]
[EventDate "2013.08.28"]

1. e4 e5 2. Nf3 Nc6 3. d4 exd4 4. Nxd4 Nf6 5. Nxc6 bxc6 6. e5 Qe7 7. Qe2 Nd5 8.
c4 Nb6 9. Nc3 Qe6 10. Qe4 Bb7 11. Bd2 O-O-O 12. O-O-O f6 13. exf6 Qxf6 14. h4
Qf7 15. Rh3 Be7 16. Rf3 Bf6 17. c5 Nd5 18. Qa4 d6 19. Qxa7 Rhe8 20. cxd6 cxd6
21. Ba6 Nc7 22. Qxb7+ Kd7 23. Bf4 Re6 24. Bc4 Bxc3 25. Bxd6 Qxf3 26. Qxc7+ Ke8
27. gxf3 1-0